LEADER 00972nam a2200241 i 4500 001 000000151953 003 CaOOAMICUS 005 20060719000000.0 008 060719s2006 it u000 u ita u 013 $a129294 020 $a88-8025-518-5 040 $aSeMil$bita 245 10$aSu Frère Roger /$cfoto di frère roger con testi di Jakob Paula. 260 $aMilano :$bITL,$ccopyr. 2006. 300 $a22 p. :$bill. ;$c16x16 cm. 600 14$aSchutz, Roger .$0(OLS)http://semarc/subject/17334 700 1 $aPaula, Jakob.$0(OLS)http://semarc/name/59685 850 $aSeMil 852 $aSeMil$W1$xVenegono$y1$m5D V 12/2$j103931$B103931$CSeMilBibl$Z2$F112992 $81 961 $aOmaggio: Centro Ambrosiano di Documentazione e Studi Rel. 996 $6020$a88-8025-518-5$9(OLS)http://semarc/number/141592 996 $6245$aSu Frère Roger$9(OLS)http://semarc/title/222121 996 $6260$aMilano :$bITL$9(OLS)http://semarc/publisher/30648 LEADER 01323nam a2200313 4500 001 000000348762 003 CaOOAMICUS 005 20240905161430.0 008 211202s2021 it 000 u ita r 020 $a978-88-347-2860-4 040 $aSeMil$bita 100 1 $aHerbert, Frank,$d<1920-1986>.$0(OLS)http://semarc/name/115138 240 13$aIl ciclo di Dune.$0(OLS)http://semarc/title/438221 245 12$aI figli di Dune :$bromanzo /$cFrank Herbert ; traduzione dall'inglese di Giampaolo Cossato e Sandro Sandrelli. 264 1$aRoma :$bFanucci,$c2021. 300 $a533 p. ;$c21 cm 490 1 $aNumeri uno 500 $aIn mezzo al front.: terzo volume de Il ciclo di Dune 700 1 $aCossato, Giampaolo.$0(OLS)http://semarc/name/115139 700 1 $aSandrelli, Sandro.$0(OLS)http://semarc/name/115140 765 0 $aChildren of Dune. 830 0$aNumeri uno.$0(OLS)http://semarc/title/438225 850 $aSeMil 852 $aSeMil$W1$xVenegono$y1$m1U III 96$j230944$B239862$CSeMilBibl$Z2$F239862 $81 961 $aBrambilla don Paolo - Omaggio 996 $6020$a978-88-347-2860-4$9(OLS)http://semarc/number/294780 996 $6245$aI figli di Dune :$bromanzo$9(OLS)http://semarc/title/438226 996 $6264$aRoma :$bFanucci$9(OLS)http://semarc/publisher/57156